Průvodce řízením jakosti 1

Gespeichert in:
Bibliographische Detailangaben
Format: Buch
Sprache:Tschechisch
Veröffentlicht: Praha Dům techn. ČSVTS 1990
Ausgabe:1. vyd.
Tags: Tag hinzufügen
Keine Tags, Fügen Sie das erste Tag hinzu!

MARC

LEADER 00000nam a2200000 4500
001 c028691
005 20221215120507.2
041 0 |a cze 
044 |a CZ 
245 1 0 |a Průvodce řízením jakosti 1 
250 |a 1. vyd. 
264 1 |a Praha  |b Dům techn. ČSVTS  |c 1990 
300 |a 243 s.